Tự học premiere 6.5 & Titledeko bằng hình ảnh

保存先:
書誌詳細
第一著者: Nguyễn, Mạnh Hùng
フォーマット: 図書
言語:Undetermined
出版事項: Hà Nội Giao thông vận tải 2004
主題:
タグ: タグ追加
タグなし, このレコードへの初めてのタグを付けませんか!
Thư viện lưu trữ: Trung tâm Học liệu Trường Đại học Cần Thơ
LEADER 00633nam a2200205Ia 4500
001 CTU_96114
008 210402s9999 xx 000 0 und d
020 |c 59000 
082 |a 006.68 
082 |b H513 
100 |a Nguyễn, Mạnh Hùng 
245 0 |a Tự học premiere 6.5 & Titledeko bằng hình ảnh 
245 0 |c Nguyễn Mạnh Hùng 
260 |a Hà Nội 
260 |b Giao thông vận tải 
260 |c 2004 
650 |a Computer graphics,Computer programs 
904 |i Truc 
910 |a Sách kèm đĩa có số AV.000411 
980 |a Trung tâm Học liệu Trường Đại học Cần Thơ